000 00275nam a2200109Ia 4500
001 588881
005 20250717120839.0
008 250717s9999 xx 000 0 und d
245 0 _aY-7 SELAHADDİN EYYUBİ
_cABDULKADİR TURAN
260 _bERDEM YAYINLARI
_c2018
300 _b150
999 _c588881
_d588881